000 00484nam a2200157Ia 4500
008 210716s1979 xx 000 0 und d
020 _a0132943557
041 _aeng
082 _a650.1 REYH
100 _aReynolds, Helen;Tramel, Mary E.
245 _aExecutive time management: getting 12 hours work out of an 8 hour day.
_bGetting 12 hours work out of an 8 hour day.
250 _a1
260 _aNew York
_bPrentice Hall
_c1979
300 _axiv,174
650 _aManagement(658)
999 _c201333
_d201333